La vida del espíritu (Record no. 26033)

MARC details
000 -LEADER
campo de control de longitud fija 00959nam a2200253 i 4500
001 - NÚMERO DE CONTROL
campo de control 26033
003 - IDENTIFICADOR DE NÚMERO DE CONTROL
campo de control ES-MaACL
005 - FECHA Y HORA DE LA ÚLTIMA TRANSACCIÓN
campo de control 20260115063025.0
007 - CAMPO FIJO DE DESCRIPCIÓN FÍSICA--INFORMACIÓN GENERAL
campo de control de longitud fija t|
008 - DATOS DE LONGITUD FIJA--INFORMACIÓN GENERAL
campo de control de longitud fija 030107s1984 sp ||||1| spa d
100 1# - ENTRADA PRINCIPAL--NOMBRE DE PERSONA
Nombre de persona Arendt, Hannah,
Fechas asociadas al nombre 1906-1975
9 (RLIN) 242687
245 13 - MENCIÓN DEL TÍTULO
Título La vida del espíritu
Resto del título : el pensar, la voluntad y el juicio en la filosofía y en la política /
Mención de responsabilidad, etc. Hannah Arendt ; traducción de Ricardo Montoro Romero, Fernando Vallespín Olla.
260 ## - PUBLICACIÓN, DISTRIBUCIÓN, ETC.
Lugar de publicación, distribución, etc. Madrid :
Nombre del editor, distribuidor, etc. Centro de Estudios Constitucionales,
Fecha de publicación, distribución, etc. 1984.
300 ## - DESCRIPCIÓN FÍSICA
Extensión 541 p. ;
Dimensiones 21 cm.
490 1# - MENCIÓN DE SERIE
Mención de serie Estudios políticos ;
Designación de volumen o secuencia 16
650 04 - PUNTO DE ACCESO ADICIONAL DE MATERIA--TÉRMINO DE MATERIA
Término de materia o nombre geográfico como elemento de entrada Pensamiento.
9 (RLIN) 15922
650 04 - PUNTO DE ACCESO ADICIONAL DE MATERIA--TÉRMINO DE MATERIA
Término de materia o nombre geográfico como elemento de entrada Voluntad.
9 (RLIN) 17848
700 1# - ENTRADA AGREGADA--NOMBRE PERSONAL
Nombre de persona Montoro Romero, Ricardo.
9 (RLIN) 82698
700 1# - ENTRADA AGREGADA--NOMBRE PERSONAL
Nombre de persona Vallespín Oña, Fernando.
9 (RLIN) 112902
710 2# - ENTRADA AGREGADA--NOMBRE DE ENTIDAD CORPORATIVA
Nombre de entidad corporativa o nombre de jurisdicción como elemento de entrada Centro de Estudios Constitucionales (España)
9 (RLIN) 2618
830 0# - PUNTO DE ACCESO ADICIONAL DE SERIE-TÍTULO UNIFORME
Título uniforme Estudios políticos ;
Designación de volumen o secuencia 16
9 (RLIN) 180572
852 ## - LOCALIZACIÓN
Ubicación ES-MaACL
Número de control de estantería L-7136
Sublocalización o colección R.107737
Holdings
Estatus retirado Estado de pérdida Estado de daño No para préstamo Biblioteca de origen Biblioteca actual Ubicación en estantería Fecha de adquisición Fuente de adquisición Total de préstamos Signatura topográfica completa Código de barras Visto por última vez Precio de reemplazo Tipo de ítem Koha
        Biblioteca del Ateneo de Madrid Biblioteca del Ateneo de Madrid Depósito 2 17/01/2008     L-7136 1026866 23/02/2023 23/02/2023 Libro impreso